Čo ovplyvňuje prácu manažéra
Podiel podnikového manažmentu na nedobrom fungovaní štátnych podnikov. Včasné a riadené ukončenie existencie bezperspektívneho podniku. Tlak zo strany odborov. Kvalifikácia a motivácia manažérov.
Salvato in:
| Autore principale: | |
|---|---|
| Natura: | Capitolo di libro |
| Lingua: | slovacco |
| Soggetti: | |
| Tags: |
Nessun Tag, puoi essere il primo ad aggiungerne!!
|
MARC
| LEADER | 00000naa a2200000 4500 | ||
|---|---|---|---|
| 001 | r014345 | ||
| 005 | 20221213122834.5 | ||
| 041 | 0 | |a slo | |
| 044 | |a SK | ||
| 245 | 1 | 0 | |a Čo ovplyvňuje prácu manažéra |c I. Gronský |
| 520 | |a Podiel podnikového manažmentu na nedobrom fungovaní štátnych podnikov. Včasné a riadené ukončenie existencie bezperspektívneho podniku. Tlak zo strany odborov. Kvalifikácia a motivácia manažérov. | ||
| 610 | 2 | 0 | |a manažment |
| 610 | 2 | 0 | |a pracovníci riadiaci |
| 610 | 2 | 0 | |a manažéri |
| 610 | 2 | 0 | |a riadenie podnikové |
| 610 | 2 | 0 | |a kvalifikácia |
| 610 | 2 | 0 | |a motivácia |
| 610 | 2 | 0 | |a bankrot |
| 100 | 1 | |a Gronský, I. | |